Guns N' Roses or Queen? - Statistics

General Stats
  • This quiz has been taken 69 times
  • The average score is 33 of 40
Answer Stats
Hint Answer % Correct
Radio Ga Ga Queen
95%
We Are The Champions Queen
95%
Another One Bites The Dust Queen
95%
Welcome To The Jungle Guns N' Roses
93%
Sweet Child O' Mine Guns N' Roses
93%
Bohemian Rhapsody Queen
93%
Knockin' On Heaven's Door Guns N' Roses
91%
November Rain Guns N' Roses
91%
Civil War Guns N' Roses
91%
We Will Rock You Queen
91%
I Want To Break Free Queen
91%
Paradise City Guns N' Roses
90%
Don't Cry Guns N' Roses
90%
Don't Stop Me Now Queen
90%
A Kind Of Magic Queen
90%
Somebody To Love Queen
90%
Under Pressure Queen
90%
Live And Let Die Guns N' Roses
88%
The Show Must Go On Queen
88%
Who Wants To Live Forever Queen
86%
Killer Queen Queen
86%
Chinese Democracy Guns N' Roses
84%
I Want It All Queen
84%
Love Of My Life Queen
83%
Fat Bottomed Girls Queen
83%
My Michelle Guns N' Roses
79%
Mr. Brownstone Guns N' Roses
79%
Get In The Ring Guns N' Roses
79%
It's So Easy Guns N' Roses
79%
Innuendo Queen
79%
Estranged Guns N' Roses
78%
Right Next Door To Hell Guns N' Roses
76%
You're Crazy Guns N' Roses
76%
The Garden Guns N' Roses
74%
Since I Don't Have You Guns N' Roses
72%
Too Much Love Will Kill You Queen
71%
Don't Damn Me Guns N' Roses
67%
Down On The Farm Guns N' Roses
64%
Made In Heaven Queen
62%
Scandal Queen
55%
No matching quizzes found
Score Distribution
Percent of People with Each Score
Percentile by Number Answered
Your Score History
You have not taken this quiz